000
00314nam a2200121Ia 4500
005
20251222144743.0
008
251222s9999||||xx |||||||||||||| ||spa||
082
_a
657.98/F64
100
_a
Flores Soria, Jaime
245
0
_a
O.N.G.:
264
_b
Centro de Especialiación en Contabilidad y Finanzas
942
_c
LIB
999
_c
19059
_d
19059